Combien de ville de la Meuse (55) connais-tu ? - Statistiques

Statistiques générales
  • Ce quiz a été pris 17 fois
  • Le résultat moyen est 37 sur 499
Statistiques - réponses
Code postal Ville % Correct
55107 Verdun
94%
55205 Commercy
88%
55012 Bar-le-Duc
82%
55500 Ligny-en-Barrois
71%
55430 Belleville-sur-Meuse
65%
55100 Stenay
59%
55840 Thierville-sur-Meuse
59%
55400 Étain
53%
55600 Montmédy
53%
55300 Saint-Mihiel
53%
55170 Ancerville
47%
55320 Dieue-sur-Meuse
47%
55160 Fresnes-en-Woëvre
47%
55800 Revigny-sur-Ornain
47%
55140 Vaucouleurs
47%
55190 Pagny-sur-Meuse
41%
55310 Tronville-en-Barrois
41%
55110 Dun-sur-Meuse
35%
55000 Fains-Véel
35%
55210 Vigneulles-lès-Hattonchâtel
35%
55190 Void-Vacon
35%
55130 Abainville
29%
55160 Bonzée
29%
55015 Clermont-en-Argonne
29%
55100 Dugny-sur-Meuse
29%
55260 Érize-la-Brûlée
29%
55200 Euville
29%
55160 Haudiomont
29%
55300 Kœur-la-Grande
29%
55300 Kœur-la-Petite
29%
55220 Souilly
29%
55230 Spincourt
29%
55270 Varennes-en-Argonne
29%
55320 Ancemont
24%
55290 Bure
24%
55260 Érize-la-Petite
24%
55130 Gondrecourt-le-Château
24%
55100 Haudainville
24%
55000 Loisey
24%
55140 Pagny-la-Blanche-Côte
24%
55300 Sampigny
24%
55320 Sommedieue
24%
55000 Vavincourt
24%
55160 Ville-en-Woëvre
24%
55130 Amanty
18%
55800 Andernay
18%
55240 Bouligny
18%
55100 Bras-sur-Meuse
18%
55300 Chauvoncourt
18%
55800 Contrisson
18%
Fleury-devant-Douaumont
18%
55300 Han-sur-Meuse
18%
55130 Houdelaincourt
18%
55600 Juvigny-sur-Loison
18%
55300 Lacroix-sur-Meuse
18%
55200 Lérouville
18%
55320 Les Monthairons
18%
55000 Longeville-en-Barrois
18%
55300 Maizey
18%
55600 Marville
18%
55190 Ménil-la-Horgne
18%
55300 Montsec
18%
55210 Nonsard-Lamarche
18%
55260 Pierrefitte-sur-Aire
18%
55300 Richecourt
18%
55140 Sauvigny
18%
55140 Sepvigny
18%
55110 Sivry-sur-Meuse
18%
55190 Sorcy-Saint-Martin
18%
55260 Thillombois
18%
55220 Tilly-sur-Meuse
18%
55300 Troyon
18%
55100 Vacherauville
18%
55500 Velaines
18%
55300 Woimbey
18%
55230 Arrancy-sur-Crusnes
12%
55100 Belleray
12%
55100 Belrupt-en-Verdunois
12%
55130 Bonnet
12%
55190 Bovée-sur-Barboure
12%
55140 Brixey-aux-Chanoines
12%
55140 Burey-en-Vaux
12%
55140 Burey-la-Côte
12%
55210 Chaillon
12%
55140 Chalaines
12%
55140 Champougny
12%
55110 Consenvoye
12%
55150 Damvillers
12%
55300 Dompcevrin
12%
55200 Geville
12%
55140 Goussaincourt
12%
55600 Han-lès-Juvigny
12%
55210 Hannonville-sous-les-Côtes
12%
55210 Herbeuville
12%
55210 Heudicourt-sous-les-Côtes
12%
55600 Jametz
12%
55170 Juvigny-en-Perthois
12%
55160 Labeuville
12%
55300 Lamorville
12%
55190 Laneuville-au-Rupt
12%
55160 Les Éparges
12%
55120 Les Islettes
12%
55300 Les Paroches
12%
55000 L'Isle-en-Rigault
12%
55230 Loison
12%
55290 Mandres-en-Barrois
12%
55150 Mangiennes
12%
55160 Manheulles
12%
55160 Marchéville-en-Woëvre
12%
55190 Mauvages
12%
55140 Maxey-sur-Vaise
12%
55300 Mécrin
12%
55190 Méligny-le-Grand
12%
55190 Méligny-le-Petit
12%
55140 Montigny-lès-Vaucouleurs
12%
55190 Naives-en-Blois
12%
55500 Nançois-sur-Ornain
12%
55140 Neuville-lès-Vaucouleurs
12%
55230 Nouillonpont
12%
55190 Ourches-sur-Meuse
12%
55230 Pillon
12%
55200 Pont-sur-Meuse
12%
55190 Reffroy
12%
55250 Rembercourt-Sommaisne
12%
55140 Rigny-la-Salle
12%
55140 Rigny-Saint-Martin
12%
55110 Romagne-sous-Montfaucon
12%
55140 Saint-Germain-sur-Meuse
12%
55200 Saint-Julien-sous-les-Côtes
12%
55210 Saint-Maurice-sous-les-Côtes
12%
55190 Sauvoy
12%
55000 Savonnières-devant-Bar
12%
55100 Sivry-la-Perche
12%
55600 Thonne-la-Long
12%
55600 Thonne-le-Thil
12%
55600 Thonnelle
12%
55130 Tréveray
12%
55190 Troussey
12%
55220 Vadelaincourt
12%
55200 Vadonville
12%
55200 Vignot
12%
55220 Villers-sur-Meuse
12%
55210 Woël
12%
55110 Aincreville
6%
55300 Ambly-sur-Meuse
6%
55230 Amel-sur-l'Étang
6%
55300 Apremont-la-Forêt
6%
55150 Azannes-et-Soumazannes
6%
55700 Baâlon
6%
55300 Bannoncourt
6%
Beaumont-en-Verdunois
6%
55000 Beurey-sur-Saulx
6%
55290 Biencourt-sur-Orge
6%
55230 Billy-sous-Mangiennes
6%
55500 Boviolles
6%
55800 Brabant-le-Roi
6%
55100 Brabant-sur-Meuse
6%
55700 Brouennes
6%
55190 Broussey-en-Blois
6%
55200 Broussey-Raulecourt
6%
55400 Buzy-Darmont
6%
55100 Charny-sur-Meuse
6%
55600 Chauvency-le-Château
6%
55200 Chonville-Malaumont
6%
55160 Combres-sous-les-Côtes
6%
55260 Courcelles-en-Barrois
6%
55260 Courouvre
6%
55170 Cousances-les-Forges
6%
55000 Culey
6%
55400 Damloup
6%
55150 Delut
6%
55400 Dieppe-sous-Douaumont
6%
55150 Dombras
6%
55160 Dommartin-la-Montagne
6%
55160 Doncourt-aux-Templiers
6%
55110 Doulcon
6%
55400 Eix
6%
55140 Épiez-sur-Meuse
6%
55240 Éton
6%
55150 Étraye
6%
55110 Forges-sur-Meuse
6%
55120 Froidos
6%
55120 Futeau
6%
55200 Girauvoisin
6%
55500 Givrauval
6%
55230 Gouraincourt
6%
55000 Guerpont
6%
55160 Harville
6%
55290 Hévilliers
6%
55600 Iré-le-Sec
6%
55160 Jonville-en-Woëvre
6%
55800 Laheycourt
6%
55800 Laimont
6%
55130 Les Roises
6%
55220 Les Souhesmes-Rampont
6%
55110 Liny-devant-Dun
6%
55110 Lion-devant-Dun
6%
55500 Longeaux
6%
55300 Loupmont
6%
55800 Louppy-le-Château
6%
55600 Louppy-sur-Loison
6%
55160 Maizeray
6%
55500 Maulan
6%
55140 Montbras
6%
55110 Mont-devant-Sassey
6%
55270 Montfaucon-d'Argonne
6%
55400 Moranville
6%
55160 Moulotte
6%
55230 Muzeray
6%
55500 Naix-aux-Forges
6%
55800 Neuville-sur-Ornain
6%
55800 Noyers-Auzécourt
6%
55700 Olizy-sur-Chiers
6%
55600 Quincy-Landzécourt
6%
55300 Rambucourt
6%
55120 Rarécourt
6%
55600 Remoiville
6%
55000 Resson
6%
55400 Rouvres-en-Woëvre
6%
55230 Rouvrois-sur-Othain
6%
55160 Saint-Hilaire-en-Woëvre
6%
55130 Saint-Joire
6%
55150 Saint-Laurent-sur-Othain
6%
55230 Saint-Pierrevillers
6%
55500 Saulvaux
6%
55230 Senon
6%
55250 Seuil-d'Argonne
6%
55230 Sorbey
6%
55140 Taillancourt
6%
55210 Thillot
6%
55140 Ugny-sur-Meuse
6%
55000 Val-d'Ornain
6%
55800 Vassincourt
6%
55250 Vaubecourt
6%
55130 Vaudeville-le-Haut
6%
55230 Vaudoncourt
6%
55600 Villécloye
6%
55150 Villers-lès-Mangiennes
6%
55160 Villers-sous-Pareid
6%
55130 Vouthon-Bas
6%
55130 Vouthon-Haut
6%
55150 Wavrille
6%
55300 Xivray-et-Marvoisin
6%
55400 Abaucourt-Hautecourt
0%
55120 Aubréville
0%
55170 Aulnois-en-Perthois
0%
55120 Autrécourt-sur-Aire
0%
55700 Autréville-Saint-Lambert
0%
55210 Avillers-Sainte-Croix
0%
55600 Avioth
0%
55270 Avocourt
0%
55130 Badonvilliers-Gérauvilliers
0%
55110 Bantheville
0%
55170 Baudonvilliers
0%
55260 Baudrémont
0%
55270 Baulny
0%
55600 Bazeilles-sur-Othain
0%
55170 Bazincourt-sur-Saulx
0%
55700 Beauclair
0%
55700 Beaufort-en-Argonne
0%
55250 Beaulieu-en-Argonne
0%
55250 Beausite
0%
55000 Behonne
0%
55260 Belrain
0%
55210 Beney-en-Woëvre
0%
55100 Béthelainville
0%
55270 Béthincourt
0%
Bezonvaux
0%
55300 Bislée
0%
55400 Blanzée
0%
55400 Boinville-en-Woëvre
0%
55200 Boncourt-sur-Meuse
0%
55300 Bouconville-sur-Madt
0%
55300 Bouquemont
0%
55270 Boureuilles
0%
55120 Brabant-en-Argonne
0%
55150 Brandeville
0%
55400 Braquis
0%
55170 Brauvilliers
0%
55150 Bréhéville
0%
55600 Breux
0%
55110 Brieulles-sur-Meuse
0%
55000 Brillon-en-Barrois
0%
55250 Brizeaux
0%
55120 Brocourt-en-Argonne
0%
55300 Buxières-sous-les-Côtes
0%
55700 Cesse
0%
55100 Champneuville
0%
55500 Chanteraine
0%
55000 Chardogne
0%
55270 Charpentry
0%
55130 Chassey-Beaupré
0%
55400 Châtillon-sous-les-Côtes
0%
55100 Chattancourt
0%
55150 Chaumont-devant-Damvillers
0%
55260 Chaumont-sur-Aire
0%
55600 Chauvency-Saint-Hubert
0%
55270 Cheppy
0%
55270 Cierges-sous-Montfaucon
0%
55110 Cléry-le-Grand
0%
55110 Cléry-le-Petit
0%
55000 Combles-en-Barrois
0%
55260 Courcelles-sur-Aire
0%
55500 Cousances-lès-Triconville
0%
55290 Couvertpuis
0%
55800 Couvonges
0%
55270 Cuisy
0%
Cumières-le-Mort-Homme
0%
55110 Cunel
0%
55500 Dagonville
0%
55130 Dainville-Bertheléville
0%
55500 Dammarie-sur-Saulx
0%
55110 Dannevoux
0%
55130 Delouze-Rosières
0%
55130 Demange-Baudignécourt
0%
55120 Dombasle-en-Argonne
0%
55240 Dommary-Baroncourt
0%
55300 Dompierre-aux-Bois
0%
55240 Domremy-la-Canne
0%
55400 Douaumont-Vaux
0%
55230 Duzey
0%
55600 Écouviez
0%
55150 Écurey-en-Verdunois
0%
55270 Épinonville
0%
55000 Érize-Saint-Dizier
0%
55500 Erneville-aux-Bois
0%
55100 Esnes-en-Argonne
0%
55250 Èvres
0%
55600 Flassigny
0%
55400 Foameix-Ornel
0%
55110 Fontaines-Saint-Clair
0%
55250 Foucaucourt-sur-Thabas
0%
55500 Fouchères-aux-Bois
0%
55200 Frémeréville-sous-les-Côtes
0%
55260 Fresnes-au-Mont
0%
55100 Fromeréville-les-Vallons
0%
55400 Fromezey
0%
55320 Génicourt-sur-Meuse
0%
55110 Gercourt-et-Drillancourt
0%
55000 Géry
0%
55110 Gesnes-en-Argonne
0%
55260 Gimécourt
0%
55400 Gincrey
0%
55150 Gremilly
0%
55400 Grimaucourt-en-Woëvre
0%
55500 Grimaucourt-près-Sampigny
0%
55400 Gussainville
0%
55000 Haironville
0%
55700 Halles-sous-les-Côtes
0%
Haumont-près-Samogneux
0%
55220 Heippes
0%
55160 Hennemont
0%
55400 Herméville-en-Woëvre
0%
55130 Horville-en-Ornois
0%
55700 Inor
0%
55220 Ippécourt
0%
55120 Jouy-en-Argonne
0%
55120 Julvécourt
0%
55120 Lachalade
0%
55210 Lachaussée
0%
55260 Lahaymeix
0%
55300 Lahayville
0%
55700 Lamouilly
0%
55100 Landrecourt-Lempire
0%
55700 Laneuville-sur-Meuse
0%
55400 Lanhères
0%
55160 Latour-en-Woëvre
0%
55260 Lavallée
0%
55170 Lavincourt
0%
55120 Lavoye
0%
55500 Le Bouchon-sur-Saulx
0%
55120 Le Claon
0%
55220 Lemmes
0%
55120 Le Neufour
0%
55000 Les Hauts-de-Chée
0%
55220 Les Trois-Domaines
0%
55260 Levoncourt
0%
55260 Lignières-sur-Aire
0%
55250 Lisle-en-Barrois
0%
55150 Lissey
0%
55260 Longchamps-sur-Aire
0%
Louvemont-Côte-du-Poivre
0%
55700 Luzy-Saint-Martin
0%
55270 Malancourt
0%
55100 Marre
0%
55190 Marson-sur-Barboure
0%
55700 Martincourt-sur-Meuse
0%
55400 Maucourt-sur-Orne
0%
55500 Menaucourt
0%
55260 Ménil-aux-Bois
0%
55500 Ménil-sur-Saulx
0%
55150 Merles-sur-Loison
0%
55110 Milly-sur-Bradon
0%
55400 Mogeville
0%
55800 Mognéville
0%
55150 Moirey-Flabas-Crépion
0%
55270 Montblainville
0%
55290 Montiers-sur-Saulx
0%
55110 Montigny-devant-Sassey
0%
55000 Montplonne
0%
55100 Montzéville
0%
55400 Morgemoulin
0%
55290 Morley
0%
55320 Mouilly
0%
55400 Moulainville
0%
55700 Moulins-Saint-Hubert
0%
55700 Mouzay
0%
55110 Murvaux
0%
55000 Naives-Rosières
0%
55500 Nançois-le-Grand
0%
55270 Nantillois
0%
55500 Nant-le-Grand
0%
55500 Nant-le-Petit
0%
55500 Nantois
0%
55700 Nepvant
0%
55800 Nettancourt
0%
55260 Neuville-en-Verdunois
0%
55120 Neuvilly-en-Argonne
0%
55260 Nicey-sur-Aire
0%
55120 Nixéville-Blercourt
0%
55250 Nubécourt
0%
55150 Ornes
0%
55220 Osches
0%
55160 Pareid
0%
55400 Parfondrupt
0%
55150 Peuvillers
0%
55160 Pintheville
0%
55700 Pouilly-sur-Meuse
0%
55250 Pretz-en-Argonne
0%
55260 Raival
0%
55220 Rambluzin-et-Benoite-Vaux
0%
55800 Rancourt-sur-Ornain
0%
55300 Ranzières
0%
55120 Récicourt
0%
55220 Récourt-le-Creux
0%
55110 Regnéville-sur-Meuse
0%
55800 Remennecourt
0%
55150 Réville-aux-Bois
0%
55160 Riaville
0%
55290 Ribeaucourt
0%
55000 Robert-Espagne
0%
55150 Romagne-sous-les-Côtes
0%
55160 Ronvaux
0%
55300 Rouvrois-sur-Meuse
0%
55000 Rumont
0%
55170 Rupt-aux-Nonains
0%
55260 Rupt-devant-Saint-Mihiel
0%
55320 Rupt-en-Woëvre
0%
55150 Rupt-sur-Othain
0%
55500 Saint-Amand-sur-Ornain
0%
55220 Saint-André-en-Barrois
0%
55500 Saint-Aubin-sur-Aire
0%
55400 Saint-Jean-lès-Buzy
0%
55160 Saint-Remy-la-Calonne
0%
55000 Salmagne
0%
55100 Samogneux
0%
55110 Sassey-sur-Meuse
0%
55000 Saudrupt
0%
55110 Saulmory-Villefranche
0%
55160 Saulx-lès-Champlon
0%
55170 Savonnières-en-Perthois
0%
55000 Seigneulles
0%
55220 Senoncourt-les-Maujouy
0%
55270 Septsarges
0%
55300 Seuzey
0%
55000 Silmont
0%
55800 Sommeilles
0%
55170 Sommelonne
0%
55500 Stainville
0%
55000 Tannois
0%
55600 Thonne-les-Près
0%
55000 Trémont-sur-Saulx
0%
55160 Trésauvaux
0%
55300 Valbois
0%
55300 Varnéville
0%
55270 Vauquois
0%
55300 Vaux-lès-Palameix
0%
55600 Velosnes
0%
55600 Verneuil-Grand
0%
55600 Verneuil-Petit
0%
55270 Véry
0%
55600 Vigneul-sous-Montmédy
0%
55260 Ville-devant-Belrain
0%
55150 Ville-devant-Chaumont
0%
55190 Villeroy-sur-Méholle
0%
55800 Villers-aux-Vents
0%
55110 Villers-devant-Dun
0%
55500 Villers-le-Sec
0%
55120 Ville-sur-Cousances
0%
55000 Ville-sur-Saulx
0%
55250 Villotte-devant-Louppy
0%
55260 Villotte-sur-Aire
0%
55110 Vilosnes-Haraumont
0%
55150 Vittarville
0%
55250 Waly
0%
55400 Warcq
0%
55160 Watronville
0%
55500 Willeroncourt
0%
55700 Wiseppe
0%
Aucun quiz correspondant
Distribution des résultats
% des personnes avec chaque résultat
Percentile par nombre de réponses
Votre historique - résultats
Vous n’avez pas pris ce quiz